| 000 | 00720nam1a22002411 4500 | ||
|---|---|---|---|
| 001 | rc\739566 | ||
| 005 | 20040301142000.0 | ||
| 035 | _a(NLR Aleph) 006321720 | ||
| 090 |
_a7457844 _c7457844 |
||
| 100 | _a20260329 rusy50 | ||
| 101 | 0 | _arus | |
| 102 | _aRU | ||
| 105 | _ay ||||||||| | ||
| 200 | 1 |
_aНовеллы моей жизни _e[В 2 кн.] _fНаталия Сац |
|
| 205 | _a3-е изд., стер. | ||
| 210 |
_aМ. _cИскусство _d1985- |
||
| 215 | _d21 | ||
| 700 | 1 |
_7ca _8rus _aСац _bН. И. _f1903-1993 _gНаталия Ильинична _9134375 _3RU\NLR\AUTH\770134409 |
|
| 801 | 0 |
_aRU _bNLR _gpsbo |
|
| 801 | 1 |
_aRU _bELAR _2rusmarc |
|
| 852 |
_aNLR _j85-3/9643 |
||
| 942 | _cBOOK | ||
| 980 | _aNB | ||